01714agaaa2200301 45000010005000000030009000050050017000140070009000310080040000400400023000800410013001031000052001161300039001682450224002072500022004312600106004533000034005595080138005935110077007315200256008085380016010645460013010806500064010937000071011577000064012287000058012927000062013507048IT-RoPAU20220918181251.0d cvaizq50131s9999||||xx ||| | || ||und|| aIT-RoPAUcIT-RoPAU aITALIANO aGrimaldi AntonellogCodice regista SPICS: 21641 aTOTEM: LETTURE, SUONI, LEZIONI (1) aTOTEM: LETTURE, SUONI, LEZIONI (1)cProdotto da: Fandango -- Sceneggiatura: Alessandro Baricco, Gabriele Vacis -- Diretto da: Grimaldi AntonellopTOTEM: LETTURE, SUONI, LEZIONI (1) (Rif. Codice opera principale : G7048) aEdizione Standard aMILANO (ITALIA)bRCS EDITORE / Distribuzione: RAITREg"1999 (1° ed.: 2000 ; Ed. Lingua Orig.: 1998)" aVHSbsonoro, col.c130 minuti a"Fotografia: Roberto Tarasco; Musica: Tarasco Roberto; Sceneggiatura: Alessandro Baricco, Gabriele Vacis; Scenografia: Lucio Diana; " a"A.Baricco; G.; Vacis; Eugenio; Allegri; Stefania; Rocca; Daniele; Sepe" aVIDEOCASSETTA CON LA PRIMA PARTE DELLA TRASMISSIONE TELEVISIVA, ANDATA IN ONDA SU RAITRE IL 21.12.1998. ALLEGATO UN OPUSCOLO DI 36 PAGINE DI COMMENTIE INTERVISTE AI PROTAGONISTI DI TOTEM. NON UN TEATRO, MA QUALCOSA DI SIMILE CON PAROLE, MUSICA E VOCI. aPAL, STEREO aITALIANO aTEATRALEeTV-TEATRO/DANZA [VHS]xCodice MATERIA SPICS: 9961 aBaricco Alessandroe(regista)gCodice secondo regista SPICS: 26431 aGrimaldi Antonello e(regista)gCodice regista SPICS: 21641 aTarasco Robertoe(musica)gCodice Musica SPICS: 55526 aVacis Gabriele e(soggetto)gCodice Soggetto SPICS: 55525